| 000 | 00611nam a2200229Ia 4500 | ||
|---|---|---|---|
| 005 | 20260429112026.0 | ||
| 008 | 260429s9999||||xx |||||||||||||| ||und|| | ||
| 020 | _a9781032046280 | ||
| 041 | _aEnglish | ||
| 082 |
_a658.15224 _bEKA |
||
| 100 | _aEkanem, Ignatius | ||
| 245 | 0 |
_aCrowdfunding and entrepreneurship / _cIgnatius Ekanem |
|
| 250 | _a1st ed. | ||
| 260 |
_aUnited Kingdom : _bRoutledge, _c2024. |
||
| 300 | _axv, 280 p.; pbk | ||
| 650 | _a Crowdfunding | ||
| 650 | _a Entrepreneurship | ||
| 650 | _a Financial management | ||
| 650 | _aManagement | ||
| 700 | _a Ideh, Steve | ||
| 942 | _cTB | ||
| 999 |
_c51952 _d51952 |
||